Tous les clubs du Big Five européen (2022-2023) - Statistiques

Statistiques générales
  • Ce quiz a été pris 1 981 fois
  • Le résultat moyen est 54 sur 98
Statistiques - réponses
% Correct
Ligue 1 Paris Saint-Germain
99%
Ligue 1 Olympique de Marseille
97%
Ligue 1 Olympique Lyonnais
95%
Premier League Manchester City
92%
Premier League Manchester United
91%
Ligue 1 LOSC Lille
90%
Ligue 1 RC Lens
89%
Liga Atletico Madrid
88%
Liga Real Madrid
88%
Ligue 1 Stade Rennais FC
88%
Ligue 1 AS Monaco
87%
Premier League Chelsea FC
87%
Liga FC Barcelone
87%
Premier League Liverpool FC
87%
Premier League Arsenal FC
86%
Ligue 1 FC Nantes
85%
Ligue 1 OGC Nice
85%
Serie A Inter Milan
83%
Serie A AC Milan
82%
Bundesliga Bayern Munich
82%
Serie A Juventus Turin
81%
Ligue 1 RC Strasbourg Alsace
81%
Bundesliga Borussia Dortmund
80%
Ligue 1 Montpellier MHSC
80%
Ligue 1 Toulouse FC
78%
Premier League Tottenham FC
77%
Liga FC Séville
76%
Serie A SSC Naples
76%
Ligue 1 Angers SCO
75%
Premier League Aston Villa
75%
Ligue 1 Stade Brestois 29
74%
Ligue 1 Stade de Reims
74%
Serie A AS Rome
71%
Ligue 1 Clermont Foot 63
69%
Ligue 1 FC Lorient
69%
Ligue 1 AJ Auxerre
67%
Ligue 1 AC Ajaccio
66%
Premier League West Ham United
66%
Serie A Lazio Rome
64%
Ligue 1 ESTAC Troyes
63%
Premier League Newcastle United
63%
Liga Valence CF
63%
Liga Betis Séville
62%
Premier League Leicester City
61%
Bundesliga RB Leipzig
60%
Premier League Everton FC
59%
Premier League Brighton & Hove Albion
57%
Liga Athletic Bilbao
56%
Liga Real Sociedad
54%
Liga Villareal CF
53%
Premier League Wolverhampton Wanderers
53%
Premier League Leeds United
52%
Bundesliga Bayer Leverkusen
51%
Bundesliga FC Union Berlin
50%
Premier League Nottingham Forest
49%
Serie A ACF Fiorentina
48%
Premier League Southampton FC
48%
Premier League Crystal Palace FC
46%
Serie A Atalanta Bergame
44%
Premier League Fulham FC
44%
Serie A Torino FC
43%
Premier League Brentford FC
41%
Bundesliga Eintracht Francfort
41%
Bundesliga Schalke 04
41%
Bundesliga VfL Wolfsburg
41%
Liga Getafe CF
40%
Liga Espanyol Barcelone
38%
Serie A US Sassuolo
38%
Premier League AFC Bournemouth
37%
Bundesliga Borussia Mönchengladbach
36%
Liga Cadix CF
36%
Serie A UC Sampdoria
34%
Serie A Udinese Calcio
34%
Bundesliga VfB Stuttgart
34%
Bundesliga FC Cologne
33%
Bundesliga SC Fribourg
32%
Liga Celta Vigo
31%
Liga RDC Majorque
31%
Serie A Bologne FC
30%
Bundesliga Werder Brême
30%
Serie A Hellas Verone
29%
Liga Rayo Vallecano
29%
Liga Real Valladolid
29%
Liga CA Osasuna
28%
Liga Girona FC
28%
Liga Elche CF
27%
Bundesliga Hertha Berlin
27%
Bundesliga TFG Hoffenheim
25%
Serie A UC Salernitana
25%
Serie A US Lecce
25%
Serie A AC Monza
24%
Bundesliga FSV Mayence 05
24%
Liga UD Almeria
22%
Serie A Spezia Calcio
21%
Bundesliga Augsburg FC
18%
Serie A Empoli FC
17%
Bundesliga VFL Bochum
17%
Serie A US Cremonese
16%
Aucun quiz correspondant
Distribution des résultats
% des personnes avec chaque résultat
Percentile par nombre de réponses
Votre historique - résultats
Vous n’avez pas pris ce quiz